La guerre de L'independance 1775-1783 (Запис номер 391299)
[ съкратено ]
| 000 -Лидер | |
|---|---|
| Контролно поле с фиксирана дължина | 01624nam a2200361 a 4500 |
| 003 - Код на организацията, давaща контролен номер | |
| Контролно поле | BLK |
| 005 - Дата и час на последна редакция | |
| Контролно поле | 20231030091001.0 |
| 008 - Елементи от данни с фиксирана дължина | |
| fixed length control field | 180410b bul||n||s|||||||| n|bulo| |
| 010 ## - Наследен системен номер | |
| LC control number | CDD00004403000 |
| 040 ## - Източник на каталожния запис | |
| Идентификатор на билиотеката - собственик на записа | BLK |
| 041 ## - Код за език | |
| Код за езика на текст/звукозапис или на отделно заглавие | Френски |
| Код за езика КДБФ | Френски |
| 080 ## - УДК | |
| Текстов определител УДК | Международни политически отношения. Световна политика. Международна политика. Дипломация |
| УДК код - определител по УДК | 327 |
| УДК - код + определител | 327 |
| 100 ## - Редна дума - Автор | |
| R(LIN) | 1299 |
| Автор | Chotteau, Leon |
| Авторска отговорност | първи автор |
| 139 ## - Редно поле | |
| Редна дума | Chotteau, Leon |
| 245 ## - Сведения за заглавието | |
| Заглавие | La guerre de L'independance 1775-1783 |
| Подзаглавни данни | Le Francais en Amerique |
| Редно поле (дума) | Leon Chotteau; une pref. Eduard Laboulaye |
| 250 ## - Област на изданието | |
| Сведения за изданието | 3. ed. |
| 257 ## - Страна на издаване | |
| Страна на създаване/издаване | Франция |
| 260 ## - Област на издателските данни | |
| 9 (RLIN) | 435940 |
| Място на издаване, разпространение и проч. | Paris |
| Име на издателя, разпространителя и проч. | G. Charpentier |
| Година на издаване | 1882 |
| 300 ## - Физическа характеристика | |
| Размери/Мащаб | 17 cm |
| Страници | 438 с. |
| 380 ## - Жанр | |
| Жанр | Обществени науки |
| 490 ## - СЕРИИ (Колекции) | |
| 9 (RLIN) | 435080 |
| Име на серия | Колекция Редки и ценни издания |
| 490 ## - СЕРИИ (Колекции) | |
| 9 (RLIN) | 435931 |
| Име на серия | Лична библиотека на Захари Стоянов |
| Бележки за серията | № 75 |
| 500 ## - Общи забележки | |
| Забележка | Датирано : 27.ІV.936. - № 207 |
| 650 #7 - Допълнително описание по предмет – тема | |
| 9 (RLIN) | 161751 |
| Основно описание – тема или топоним | Международна политика |
| 852 ## - Местоположение | |
| Форматна сигнатура | Рф 882 ЗСт |
| Фондова буква | Редки и ценни |
| 856 ## - Електронен адрес и достъп | |
| Име на файл | Съдържание |
| Права за достъп | Достъп за регистрирани потребители |
| Електронен формат | jpg - файл |
| Път до файла /url/ | http://185.138.176.146:18082/cgi-bin/koha/opac-retrieve-file.pl?id=1dd438dd74363735ada479bc8b9a498f |
| Допълнителна информация (Корица, съдържание, пълен текст, звуков файл, HTML файл) | Изображение |
| Информация за съдържанието | Съдържание 1 |
| 856 ## - Електронен адрес и достъп | |
| Име на файл | Съдържание |
| Права за достъп | Достъп за регистрирани потребители |
| Електронен формат | jpg - файл |
| Път до файла /url/ | http://185.138.176.146:18082/cgi-bin/koha/opac-retrieve-file.pl?id=36f5eea5e962275441c9710dc4fbc12a |
| Допълнителна информация (Корица, съдържание, пълен текст, звуков файл, HTML файл) | Изображение |
| Информация за съдържанието | Съдържание 2 |
| 942 ## - АРТИКУЛИ | |
| Вид на библиотечния материал | Книги |
| Скрит в OPAC | Не |
| Периодичен библиозапис | Да |
| 999 ## - СИСТЕМНИ КОНТРОЛНИ НОМЕРА | |
| Koha biblionumber | 391299 |
| Koha biblioitemnumber | 391299 |
| 999 ## - СИСТЕМНИ КОНТРОЛНИ НОМЕРА | |
| Koha biblioitemnumber | 391299 |
| 999 ## - СИСТЕМНИ КОНТРОЛНИ НОМЕРА | |
| Koha biblioitemnumber | 391299 |
| 999 ## - СИСТЕМНИ КОНТРОЛНИ НОМЕРА | |
| Koha biblioitemnumber | 391299 |
| 999 ## - СИСТЕМНИ КОНТРОЛНИ НОМЕРА | |
| Koha biblioitemnumber | 391299 |
| 944 ## - СЪЗДАВАНЕ И РЕДАКЦИЯ на ЗАПИСА | |
| Служител, извършил регистрацията/редакцията | 30542 |
| Статус, дата на статуса | Русанова Ирена |
| Код за отписване | Код за изгубен артикул | Източник на класификационната схема | Код за повреда | Коз за рестрикции | Код за отдаване | Артикулен № | Име на библиотеката - собственик | Име на библиотеката, в която се намира в момента | Статус (Текущо местоположение) | Дата на вписване в системата | Местоположение - отдел | Цена в лева | Инвентарен номер | Систематично азбучна сигнатура | Баркод | Цена в евро | Служебен тип на артикула |
|---|---|---|---|---|---|---|---|---|---|---|---|---|---|---|---|---|---|
| Не е изгубен | Universal Decimal Classification | Не е повреден | само за читалня | Специални фондове ( старопечатни, редки и ценни, фонд М. Арнаудов) | 804805 | Регионална библиотека "Любен Каравелов" Русе | Регионална библиотека "Любен Каравелов" Русе | Редки и ценни | 2020-11-06 | Редки и ценни | 0.90 | 10858 | Рф 882 ЗСт | 900000038426 | 0.46 | Книги |